Alle Geometry Dash Level - Statistiken

Allgemein
  • Dieses Quiz wurde 9 mal gespielt
  • Das Durchschnittsergebnis liegt bei 11 aus 22
Antwortstatistiken
Antwort % Korrekt
Stereo Madness
89%
Jumper
78%
Clutterfunk
67%
Fingerdash
67%
Polargeist
67%
Theory of Everything
67%
Time Machine
67%
Base After Base
56%
Cycles
56%
Dash
56%
Dry Out
56%
Theory of Everything 2
56%
XStep
56%
Back on Track
44%
Clubstep
44%
Deadlocked
44%
Cant let go
33%
Electroman Adventures
33%
Blast Processing
22%
Electrodynamix
22%
Geometrical Dominator
22%
Hexagon Force
22%
Keine übereinstimmenden Quizze gefunden
Verteilung der Resultate
Anzahl Personen mit jedem Resultat
Perzentil nach korrekt beantworteten Fragen
Ihre Resultats-Entwicklung
Sie haben dieses Quiz noch nicht gespielt